¿ Quién define la agenda sobre reforma del Estado? /
Guardado en:
| Hovedforfatter: | |
|---|---|
| Format: | Texto |
| Fag: | |
| Tags: |
Tilføj Tag
Ingen Tags, Vær først til at tagge denne postø!
|
MARC
| LEADER | 00000 a a2200000 04500 | ||
|---|---|---|---|
| 001 | 17358 | ||
| 003 | |||
| 040 | |||
| 100 | |a Carazo Barrantes, Carolina | ||
| 245 | |a ¿ Quién define la agenda sobre reforma del Estado? / |c Carolina Carazo Barrantes | ||
| 650 | |a REFORMA ADMINISTRATIVA | ||
| 650 | |a ESTADO | ||
| 650 | |a MEDIOS DE COMUNICACION | ||
| 650 | |a PROGRAMAS DE AJUSTE | ||
| 650 | |a PRIVATIZACION | ||
| 650 | |a ANALISIS COMPARATIVO | ||
| 650 | |a EMPLEADOS | ||
| 650 | |a SECTOR PUBLICO | ||
| 773 | |g número 5; páginas 3-63 | ||
| 999 | |c 39186 |d 39186 | ||
